| 000 | 01172nam a2200265 a 4500 | ||
|---|---|---|---|
| 001 | 62475 | ||
| 003 | BD-RjUL | ||
| 005 | 20211209081105.0 | ||
| 008 | 170124s1984 bg ||||| |||| 00| 0 ben d | ||
| 020 | _c: Tk. 16.00 | ||
| 035 | _a(BD-RjUL)62601 | ||
| 040 |
_aBD-RjUL _bben _cBD-RjUL |
||
| 041 | _aben | ||
| 082 |
_223 _a332.1091767 _bISI 1984 |
||
| 100 |
_aইসলাম, তাজুল _9176779 |
||
| 245 | 1 | 0 |
_aইসলামী ব্যাংক ব্যবস্থা / _cতাজুল ইসলাম, আবু মতাহের মোহাম্মদ সালেহ |
| 250 | _a১ম সং. | ||
| 260 |
_aঢাকা : _bইসলামিক ইকনমিকস রিসার্চ ব্যুরো, _c১৯৮৪ |
||
| 300 |
_a৮৮ পৃ. ; _c ২৩ সেমি. |
||
| 650 |
_aব্যাংক ও ব্যাংকিং _xধর্মীয় দিক _xইসলাম _9185766 |
||
| 650 |
_aBanks and banking _xReligious aspects _xIslam _9174782 |
||
| 650 |
_aBanks and banking _zIslamic countries _9174781 |
||
| 700 |
_aসালেহ, আবু মতাহের মোহাম্মদ _9185767 |
||
| 942 |
_2ddc _cBK |
||
| 999 |
_c62475 _d62475 |
||